Представление документа в формате MARC21

ПолеНазваниеЗначение
  Тип записи a
  Библиографический уровень m
001 Контрольный номер RU\infra-m\znanium\bibl\1864850
005 Дата корректировки 20230313235243.5
008 Кодируемые данные 220211s2022 RU g rus u
020 Индекс ISBN __
a ISBN 978-5-288-06170-7
040 Источник каталогиз. __
a Служба первич. каталог. Общество с ограниченной ответственностью «ЗНАНИУМ»
041 Код языка издания __
a Код языка текста rus
044 Код страны публикации __
a Код страны публикации RU
080 Индекс УДК __
a Индекс УДК 56
084 Индекс другой классификации/Индекс ББК __
2 Источник индекса rubbk
a Индекс другой классификации/Индекс ББК 281
084 Индекс другой классификации/Индекс ББК __
2 Источник индекса okso
a Индекс другой классификации/Индекс ББК 06.04.01
084 Индекс другой классификации/Индекс ББК __
2 Источник индекса okso
a Индекс другой классификации/Индекс ББК 06.03.01
100 Автор __
a Автор Островский Андрей Николаевич
q Полное имя Андрей Николаевич
245 Заглавие __
a Заглавие Эволюция морских суперхищников
b Продолж. заглавия Научно-популярная литература
260 Выходные данные __
a Место издания Санкт-Петербург
b Издательство Издательство Санкт-Петербургского государственного университета
c Дата издания 2021
300 Физическое описание __
a Объем 315 с.
520 Аннотация __
a Аннотация Эта книга рассказывает о морских исполинах — моллюсках артроподах рыбах рептилиях и млекопитающих а также некоторых других животных чьи огромные размеры образ жизни и древняя история являются выдающимися примерами эволюции. Автор знакомит с основными этапами исследований нескольких групп древних и современных водных хищников включая экспедиции раскопки подводные наблюдения и эксперименты. Основанные на современных данных гипотетические сценарии позволяют реконструировать прошлое и приблизиться к пониманию интереснейших эволюционных процессов следствием которых среди прочих явились гигантизм и историческая долговечность некоторых групп животных.
521 Примеч. о цел. назн. __
a Примеч. о целев. назн. ВО - Бакалавриат
650 Тематические рубрики __
a Основная рубрика Науки о Земле. Экология
x Основная подрубрика Палеонтология
856 Электронный адрес документа 4_
a Имя сервера/домена znanium.com
m Помощь ebs_support@infra-m.ru
n Местонахождение сервера НИЦ ИНФРА-М
u URL https://znanium.com/catalog/document?id=395372
856 Электронный адрес документа 41
a Имя сервера/домена znanium.com
d Путь /cover/1864
f Электронное имя 1864850.jpg
q Тип электронного формата image/jpeg
u URL https://znanium.com/cover/1864/1864850.jpg
911 __
u 0030=https://znanium.com/catalog/document?id=395372
911 __
u 608a=Научно-популярная литература
u 6082=local
911 __
u 9034=850
911 __
u 951p=s://znanium.com/catalog/document?id=395372&pid=